000 00467nam a2200181Ia 4500
005 20250508170035.0
008 008 250505s9999 xx 000 0 eng d
020 _a978-0-415-60230-3
037 _aTextual
040 _aFEDL
_beng
_cFEDL
041 _aeng
_2eng
084 _a423, VIS
_qFEDL
245 0 _aVisual encyclopaedia
260 _c2002
546 _aGifted by Prof. Anita Rampal
942 _cTEXL
_h423, VIS
999 _c1398857
_d1398857